Thường thức về viêm gan và xơ gan

Một số kiến thức khoa học phổ cập về cấu tạo, vị trí, chức năng, đặc điểm và sinh lí của gan, các bệnh viêm gan virut, viêm gan mạn tính, gan fibrin, xơ gan và phương pháp chăm sóc người bệnh gan

שמור ב:
מידע ביבליוגרפי
מחבר ראשי: Nguyễn, Trung Thuần
פורמט: ספר
שפה:Undetermined
יצא לאור: Hà Nội Phụ nữ 2010
נושאים:
תגים: הוספת תג
אין תגיות, היה/י הראשונ/ה לתייג את הרשומה!
Thư viện lưu trữ: Trung tâm Học liệu Trường Đại học Cần Thơ
LEADER 00893nam a2200217Ia 4500
001 CTU_158685
008 210402s9999 xx 000 0 und d
020 |c 48000 
082 |a 616.362 
082 |b Th502 
100 |a Nguyễn, Trung Thuần 
245 0 |a Thường thức về viêm gan và xơ gan 
245 0 |c Nguyễn Trung Thuần 
260 |a Hà Nội 
260 |b Phụ nữ 
260 |c 2010 
520 |a Một số kiến thức khoa học phổ cập về cấu tạo, vị trí, chức năng, đặc điểm và sinh lí của gan, các bệnh viêm gan virut, viêm gan mạn tính, gan fibrin, xơ gan và phương pháp chăm sóc người bệnh gan 
650 |a Liver,Bệnh viêm gan 
650 |x Diseases 
910 |a Nguyên 
980 |a Trung tâm Học liệu Trường Đại học Cần Thơ